[Event "24th NATO Chess Championship"]
[Site "Rynia"]
[Date "2013.08.13"]
[Round "3.2"]
[White "Pedersen, Finn"]
[Black "Vuitton, Gilles"]
[Result "0-1"]
[WhiteElo "2303"]
[BlackElo "2093"]
[PlyCount "110"]
[EventDate "2013.08.??"]
[EventType "swiss"]
[EventRounds "7"]
[EventCountry "POL"]
[WhiteTeam "DEN"]
[BlackTeam "FRA"]
[WhiteTeamCountry "DEN"]
[BlackTeamCountry "FRA"]

1. d4 e6 2. Nf3 d5 3. c4 Nf6 4. Bg5 Be7 5. e3 h6 6. Bh4 O-O 7. Nc3 b6 8. cxd5
Nxd5 9. Bxe7 Qxe7 10. Nxd5 exd5 11. Be2 Be6 12. O-O c5 13. Ne5 Qb7 14. Rc1 Rc8
15. Qa4 c4 16. b3 b5 17. Qa5 Nc6 18. Nxc6 Rxc6 19. bxc4 bxc4 20. Bf3 Ra6 21.
Qd2 Ra4 22. Rfe1 f5 23. Bd1 Ra3 24. Kf1 Qa6 25. Re2 Qd6 26. f4 Rb8 27. Kf2 Bd7
28. Rc3 a5 29. Qc1 Rxc3 30. Qxc3 Qb4 31. Qc2 a4 32. Qc1 a3 33. h3 g6 34. Rd2
Kg7 35. Bf3 Qa5 36. Rc2 Kf6 37. g4 Ke7 38. Qe1 Qxe1+ 39. Kxe1 Kd6 40. Re2 Rb2
41. Kd1 Ba4+ 42. Kc1 c3 43. Rxb2 axb2+ 44. Kb1 Bb5 45. Bd1 Bf1 46. gxf5 gxf5
47. Bc2 Bxh3 48. Bd3 Bg2 49. Kc2 h5 50. a4 h4 51. a5 h3 52. a6 h2 53. a7 h1=Q
54. a8=Q b1=Q+ 55. Kxc3 Qhc1+ 0-1

[Event "24th NATO Chess Championship"]
[Site "Rynia"]
[Date "2013.08.13"]
[Round "3.3"]
[White "Kedzierski, Slawomir"]
[Black "Helbig, Mark"]
[Result "1/2-1/2"]
[WhiteElo "2095"]
[BlackElo "2282"]
[PlyCount "131"]
[EventDate "2013.08.??"]
[EventType "swiss"]
[EventRounds "7"]
[EventCountry "POL"]
[WhiteTeam "POL"]
[BlackTeam "GER"]
[WhiteTeamCountry "POL"]
[BlackTeamCountry "GER"]

1. d4 g6 2. c4 Bg7 3. Nc3 d6 4. g3 Nf6 5. Bg2 O-O 6. Nf3 Nc6 7. d5 Na5 8. Nd2
c5 9. Qc2 a6 10. Rb1 Rb8 11. b3 e6 12. O-O b5 13. Bb2 bxc4 14. bxc4 Re8 15.
Rfe1 Bd7 16. e4 Qc7 17. h3 e5 18. Nd1 Rb4 19. Bc3 Ba4 20. Qd3 Rxb1 21. Qxb1 Ra8
22. Qc1 Be8 23. Qa3 Nb7 24. Nb2 Nd7 25. Nd3 a5 26. Rb1 Ra6 27. Bf1 Bf6 28. Ne1
Bd8 29. Nc2 Rb6 30. Rb3 Rb4 31. Qc1 Bg5 32. Qb1 a4 33. Rb2 Rxb2 34. Qxb2 Bd8
35. Bd3 Qb6 36. Qxb6 Nxb6 37. Na3 Kf8 38. Kf1 Bd7 39. h4 f5 40. Ke2 Kg7 41.
Ndb1 Bf6 42. Bd2 f4 43. Kd1 g5 44. hxg5 Bxg5 45. Be2 Kf6 46. Nc3 Kg6 47. Ke1 h5
48. Kf1 fxg3 49. Bxg5 g2+ 50. Kxg2 Kxg5 51. Nc2 Bg4 52. f3 Bd7 53. Ne3 Kf4 54.
Nf1 Na5 55. Kf2 Naxc4 56. Ng3 h4 57. Nh5+ Kg5 58. Ng7 Na3 59. Bf1 Nc2 60. Bb5
Kf6 61. Bxd7 Nxd7 62. Nf5 a3 63. Nxh4 Nb6 64. Nf5 Nc4 65. Ke2 Nb4 66. Ne3
1/2-1/2

[Event "24th NATO Chess Championship"]
[Site "Rynia"]
[Date "2013.08.13"]
[Round "3.4"]
[White "Wantiez, Fabrice"]
[Black "Hansen, Stefan"]
[Result "0-1"]
[WhiteElo "2279"]
[BlackElo "2099"]
[PlyCount "56"]
[EventDate "2013.08.??"]
[EventType "swiss"]
[EventRounds "7"]
[EventCountry "POL"]
[WhiteTeam "BEL"]
[BlackTeam "DEN"]
[WhiteTeamCountry "BEL"]
[BlackTeamCountry "DEN"]
[TimeControl "7200"]

1. e4 c6 2. Nc3 d5 3. Nf3 Bg4 4. h3 Bxf3 5. Qxf3 e6 6. d3 Nd7 7. Qg3 dxe4 8.
Nxe4 Ndf6 9. Bd2 Nxe4 10. dxe4 Nf6 11. Bd3 Qb6 12. O-O O-O-O 13. Qf3 Qc7 14. b4
Bd6 15. Rab1 h5 16. Rfe1 Be5 17. Rb3 Rdg8 18. Be3 g5 19. Bxa7 g4 20. hxg4 Nxg4
21. a4 Rg6 22. a5 Rhg8 23. Bb6 Qe7 24. Bf1 Qh4 25. Qh3 Bh2+ 26. Kh1 Nxf2+ 27.
Bxf2 Qxf2 28. Rd1 Qg1# 0-1

[Event "24th NATO Chess Championship"]
[Site "Rynia"]
[Date "2013.08.13"]
[Round "3.5"]
[White "Jauk, Wilhelm"]
[Black "Van Rijn, Wouter"]
[Result "1-0"]
[WhiteElo "2172"]
[BlackElo "2216"]
[PlyCount "85"]
[EventDate "2013.08.??"]
[EventType "swiss"]
[EventRounds "7"]
[EventCountry "POL"]
[WhiteTeam "GER"]
[BlackTeam "NED"]
[WhiteTeamCountry "GER"]
[BlackTeamCountry "NED"]

1. d4 c5 2. e3 e6 3. Bd3 Nf6 4. Nf3 b6 5. O-O Bb7 6. Nbd2 Nc6 7. c4 Qc7 8. b3
Be7 9. Bb2 h6 10. Rc1 Rg8 11. Qe2 g5 12. Ne5 g4 13. f4 gxf3 14. Ndxf3 Nxe5 15.
dxe5 Ne4 16. Qc2 Ng5 17. e4 Rg7 18. Kh1 O-O-O 19. Rf2 Rdg8 20. Nxg5 Bxg5 21.
Rcf1 Rf8 22. Qe2 Qd8 23. Bc3 Qe7 24. a3 Bh4 25. g3 Bxg3 26. hxg3 Rxg3 27. Rf6
Rfg8 28. R1f3 R3g4 29. Be1 R8g5 30. Qh2 Bxe4 31. Bxe4 Rxe4 32. Bg3 Rd4 33. Qxh6
Rg6 34. Qh7 Kc7 35. Qxf7 Rh6+ 36. Rxh6 Qg5 37. Qf6 Rd1+ 38. Kh2 Qc1 39. Kh3
Rh1+ 40. Bh2 Qd2 41. Kg3 Qe1+ 42. Kg2 Qc1 43. Rh8 1-0

[Event "24th NATO Chess Championship"]
[Site "Rynia"]
[Date "2013.08.13"]
[Round "3.6"]
[White "Alaslar, Devrim"]
[Black "Bielawski, Michal"]
[Result "1/2-1/2"]
[WhiteElo "2145"]
[BlackElo "2026"]
[PlyCount "33"]
[EventDate "2013.08.??"]
[EventType "swiss"]
[EventRounds "7"]
[EventCountry "POL"]
[WhiteTeam "TUR"]
[BlackTeam "POL"]
[WhiteTeamCountry "TUR"]
[BlackTeamCountry "POL"]

1. e4 d6 2. d4 Nf6 3. Nc3 g6 4. g3 Bg7 5. Bg2 O-O 6. Nge2 e5 7. h3 Nc6 8. Be3
exd4 9. Nxd4 Nd7 10. O-O Nde5 11. b3 Nxd4 12. Bxd4 c5 13. Be3 Nc4 14. bxc4 Bxc3
15. Rb1 Qe7 16. Qd3 Bf6 17. Rfd1 1/2-1/2

[Event "24th NATO Chess Championship"]
[Site "Rynia"]
[Date "2013.08.13"]
[Round "3.8"]
[White "Nielsen, Henrik"]
[Black "Picart, Laurent"]
[Result "1/2-1/2"]
[WhiteElo "2037"]
[BlackElo "2109"]
[PlyCount "82"]
[EventDate "2013.08.??"]
[EventType "swiss"]
[EventRounds "7"]
[EventCountry "POL"]
[WhiteTeam "DEN"]
[BlackTeam "FRA"]
[WhiteTeamCountry "DEN"]
[BlackTeamCountry "FRA"]

1. d4 Nf6 2. Nf3 d5 3. Bf4 c5 4. e3 Nc6 5. c3 Qb6 6. Qb3 c4 7. Qxb6 axb6 8.
Nbd2 b5 9. Ne5 e6 10. Nxc6 bxc6 11. Be2 c5 12. Bf3 cxd4 13. exd4 b4 14. Nxc4
Ra6 15. Ne5 bxc3 16. bxc3 Ba3 17. Nd3 O-O 18. Kd2 Ne4+ 19. Bxe4 dxe4 20. Nc5
Bxc5 21. dxc5 Bb7 22. Rhb1 Bd5 23. Rb6 Rxa2+ 24. Rxa2 Bxa2 25. c6 f6 26. Bd6
Rc8 27. c7 e5 28. Ke3 Kf7 29. Kxe4 Bc4 30. f4 exf4 31. Bxf4 Bf1 32. Kf3 Bc4 33.
h4 Bd5+ 34. Kf2 h5 35. Rb5 Ke6 36. g3 g5 37. hxg5 fxg5 38. Rb8 Kd7 39. Rxc8
Kxc8 40. Bxg5 Kxc7 41. Ke3 Kc6 1/2-1/2

[Event "24th NATO Chess Championship"]
[Site "Rynia"]
[Date "2013.08.13"]
[Round "3.9"]
[White "Macaspac, Arthur"]
[Black "Koopmeiners, Karl"]
[Result "1-0"]
[WhiteElo "2107"]
[BlackElo "2038"]
[PlyCount "100"]
[EventDate "2013.08.??"]
[EventType "swiss"]
[EventRounds "7"]
[EventCountry "POL"]
[WhiteTeam "USA"]
[BlackTeam "NATO"]
[WhiteTeamCountry "USA"]

1. e4 c6 2. c4 d5 3. cxd5 cxd5 4. exd5 Nf6 5. Nc3 g6 6. Qb3 Bg7 7. Bb5+ Nbd7 8.
Nge2 O-O 9. Bxd7 Qxd7 10. d4 Rd8 11. Be3 b6 12. O-O Ba6 13. Rfe1 Nxd5 14. Nxd5
Qxd5 15. Qa3 Bb7 16. f3 e6 17. Red1 Qd6 18. Qxd6 Rxd6 19. Rac1 Ba6 20. Kf2 Rad8
21. Rc7 R8d7 22. Rxd7 Rxd7 23. Rd2 Kf8 24. b3 h6 25. a4 Bb7 26. b4 a5 27. bxa5
bxa5 28. Rc2 Ke7 29. Rc5 Rd5 30. Rc7+ Rd7 31. Rc4 Ba6 32. Rc5 Rd5 33. Rxd5 exd5
34. Bd2 Bxe2 35. Kxe2 Bxd4 36. Bxa5 Kd6 37. Kd3 Bf2 38. Bd2 h5 39. Be3 Be1 40.
Kd4 f6 41. Kd3 Ba5 42. Bd4 Ke6 43. Bc3 Bc7 44. h3 f5 45. a5 g5 46. a6 Bb8 47.
Bd4 g4 48. a7 Bxa7 49. Bxa7 gxh3 50. gxh3 Kf6 1-0

[Event "24th NATO Chess Championship"]
[Site "Rynia"]
[Date "2013.08.13"]
[Round "3.10"]
[White "De Waard, Marco"]
[Black "Onley, David"]
[Result "0-1"]
[WhiteElo "2098"]
[BlackElo "2103"]
[PlyCount "60"]
[EventDate "2013.08.??"]
[EventType "swiss"]
[EventRounds "7"]
[EventCountry "POL"]
[WhiteTeam "NED"]
[BlackTeam "ENG"]
[WhiteTeamCountry "NED"]
[BlackTeamCountry "ENG"]

1. d4 Nf6 2. c4 g6 3. Nc3 Bg7 4. e4 d6 5. f4 O-O 6. Nf3 Na6 7. Be2 e5 8. fxe5
dxe5 9. d5 c5 10. Bg5 Qb6 11. Rb1 Ng4 12. h3 f6 13. Bd2 Nh6 14. b4 cxb4 15. Na4
Qd8 16. c5 f5 17. Bg5 Qa5 18. Qb3 fxe4 19. Nd2 Nxc5 20. Nxc5 Qxc5 21. Be3 Qc3
22. g4 Qxb3 23. Rxb3 a5 24. Nxe4 b6 25. Bxb6 Rf4 26. Nd6 Nf7 27. Nxf7 Rxf7 28.
d6 Be6 29. Rd3 e4 30. Rd1 Bc3+ 0-1

[Event "24th NATO Chess Championship"]
[Site "Rynia"]
[Date "2013.08.13"]
[Round "3.11"]
[White "Narman, Gokhan"]
[Black "Kruit, Erik"]
[Result "1-0"]
[WhiteElo "2102"]
[BlackElo "2011"]
[PlyCount "73"]
[EventDate "2013.08.??"]
[EventType "swiss"]
[EventRounds "7"]
[EventCountry "POL"]
[WhiteTeam "TUR"]
[BlackTeam "NED"]
[WhiteTeamCountry "TUR"]
[BlackTeamCountry "NED"]

1. c4 Nf6 2. Nc3 c5 3. g3 b6 4. Bg2 Nc6 5. d3 Bb7 6. e4 Nd4 7. Nge2 e6 8. O-O
d6 9. Be3 Nc6 10. h3 Be7 11. d4 cxd4 12. Nxd4 Nxd4 13. Qxd4 e5 14. Qd3 O-O 15.
Rfd1 Rc8 16. b3 Bc6 17. a4 a5 18. Kh2 Qc7 19. Ra2 Rcd8 20. Re2 h6 21. Rf1 Nd7
22. Qc2 Qb7 23. f4 Nc5 24. f5 f6 25. Bf3 Kh7 26. Nd5 Bxd5 27. exd5 Rg8 28. Bh5
Bf8 29. Bg6+ Kh8 30. g4 Qe7 31. h4 Rc8 32. Rg1 Rb8 33. Rg3 Rb7 34. g5 Qd8 35.
Reg2 Re7 36. Bh5 Qc7 37. gxf6 1-0

[Event "24th NATO Chess Championship"]
[Site "Rynia"]
[Date "2013.08.13"]
[Round "3.12"]
[White "Sari, Serdar"]
[Black "Wagenaar, Harm Theo"]
[Result "1-0"]
[WhiteElo "2052"]
[BlackElo "2054"]
[PlyCount "62"]
[EventDate "2013.08.??"]
[EventType "swiss"]
[EventRounds "7"]
[EventCountry "POL"]
[WhiteTeam "TUR"]
[BlackTeam "NATO"]
[WhiteTeamCountry "TUR"]

1. d4 d5 2. Bf4 Nf6 3. Nf3 c5 4. e3 Qb6 5. b3 Nc6 6. c3 Bf5 7. Bd3 Bxd3 8. Qxd3
e6 9. O-O Be7 10. Nbd2 O-O 11. h3 Rac8 12. a3 a6 13. b4 c4 14. Qc2 Qd8 15. e4
dxe4 16. Nxe4 Nxe4 17. Qxe4 Qd5 18. Nd2 Rfd8 19. Rfb1 Bf6 20. Qxd5 exd5 21. Nf3
b5 22. a4 Ra8 23. Ra2 Rd7 24. Rba1 Rda7 25. Bd6 Rd7 26. Bc5 Rc8 27. axb5 axb5
28. Ra6 Bd8 29. Rxc6 Rxc6 30. Ne5 Rcd6 31. Nxd7 Rxd7 1-0

[Event "24th NATO Chess Championship"]
[Site "Rynia"]
[Date "2013.08.13"]
[Round "3.13"]
[White "Cheung, Jan W"]
[Black "Prevot, Jean Luc"]
[Result "1-0"]
[WhiteElo "2093"]
[BlackElo "2027"]
[PlyCount "107"]
[EventDate "2013.08.??"]
[EventType "swiss"]
[EventRounds "7"]
[EventCountry "POL"]
[WhiteTeam "NED"]
[BlackTeam "FRA"]
[WhiteTeamCountry "NED"]
[BlackTeamCountry "FRA"]

1. d4 d5 2. c4 c6 3. Nf3 Nf6 4. Nc3 dxc4 5. a4 Bf5 6. e3 Na6 7. Bxc4 Nb4 8. O-O
e6 9. Qe2 Ne4 10. Ne5 Bd6 11. Nxf7 Kxf7 12. Qf3 g6 13. Nxe4 Bxh2+ 14. Kxh2 Qh4+
15. Kg1 Qxe4 16. Qxe4 Bxe4 17. Bd2 a5 18. f3 Bd3 19. Rfc1 Bxc4 20. Rxc4 Nd5 21.
Ra3 Rhb8 22. Rc5 Nb4 23. Rb3 b6 24. Rc1 b5 25. axb5 Rxb5 26. Rxc6 Rab8 27. Rc7+
Kg8 28. Bxb4 Rxb4 29. Rxb4 Rxb4 30. Ra7 Rxb2 31. Rxa5 Re2 32. Re5 Kf7 33. Kh2
h5 34. Kh3 Rf2 35. d5 exd5 36. Rxd5 Re2 37. e4 Kf6 38. g4 hxg4+ 39. Kxg4 g5 40.
Rf5+ Ke6 41. Kxg5 Re1 42. Kf4 Re2 43. Ra5 Re1 44. Ra6+ Ke7 45. Ke5 Re3 46. Ra7+
Ke8 47. f4 Rb3 48. Ke6 Rb6+ 49. Kf5 Rb4 50. e5 Rc4 51. e6 Rb4 52. Ke5 Rb5+ 53.
Kf6 Rb8 54. Rh7 1-0

[Event "24th NATO Chess Championship"]
[Site "Rynia"]
[Date "2013.08.13"]
[Round "3.14"]
[White "Maes, Patrick"]
[Black "Rosenkilde, Alexander"]
[Result "0-1"]
[WhiteElo "2017"]
[BlackElo "2262"]
[PlyCount "68"]
[EventDate "2013.08.??"]
[EventType "swiss"]
[EventRounds "7"]
[EventCountry "POL"]
[WhiteTeam "BEL"]
[BlackTeam "DEN"]
[WhiteTeamCountry "BEL"]
[BlackTeamCountry "DEN"]

1. e4 c5 2. d3 d5 3. Nd2 Nc6 4. Ngf3 Nf6 5. g3 e5 6. Bg2 Be7 7. O-O O-O 8. Re1
d4 9. a4 Qc7 10. Nc4 Bg4 11. h3 Bh5 12. Bd2 Nd7 13. Qc1 b6 14. Nh2 f6 15. g4
Bf7 16. b3 a6 17. Nf1 b5 18. Nb2 Nb6 19. Ng3 Rfc8 20. Bf1 Nb4 21. Be2 Qb7 22.
Rf1 c4 23. bxc4 bxc4 24. Bxb4 Bxb4 25. a5 c3 26. axb6 cxb2 27. Qxb2 Bc3 28. Qa3
Bxa1 29. Rxa1 Qxb6 30. Nf5 Rxc2 31. Bd1 Rc3 32. Qa4 Rc7 33. g5 fxg5 34. Qa3 Qc5
0-1

[Event "24th NATO Chess Championship"]
[Site "Rynia"]
[Date "2013.08.13"]
[Round "3.15"]
[White "Andersen, Hans Christoph"]
[Black "Sycz, Dariusz"]
[Result "0-1"]
[WhiteElo "2238"]
[BlackElo "2020"]
[PlyCount "68"]
[EventDate "2013.08.??"]
[EventType "swiss"]
[EventRounds "7"]
[EventCountry "POL"]
[WhiteTeam "GER"]
[BlackTeam "POL"]
[WhiteTeamCountry "GER"]
[BlackTeamCountry "POL"]

1. d4 Nf6 2. c4 c5 3. d5 b5 4. cxb5 a6 5. b6 d6 6. Nc3 Nbd7 7. e4 g6 8. Nf3 Bg7
9. a4 Qxb6 10. a5 Qc7 11. Be2 O-O 12. Nd2 e6 13. dxe6 fxe6 14. Nc4 Ne8 15. Be3
Rb8 16. f4 Rxb2 17. e5 Rb8 18. Bg4 Kh8 19. Rc1 d5 20. Nxd5 exd5 21. Qxd5 Ndf6
22. exf6 Nxf6 23. Qxc5 Qxc5 24. Bxc5 Nxg4 25. Bxf8 Bxf8 26. h3 Bb4+ 27. Ke2 Nf6
28. g4 Nd5 29. Rhf1 Nc3+ 30. Kd3 Be6 31. Ne5 Rd8+ 32. Kc2 Nb5 33. Rfd1 Rf8 34.
Nd3 Rc8+ 0-1

[Event "24th NATO Chess Championship"]
[Site "Rynia"]
[Date "2013.08.13"]
[Round "3.16"]
[White "Bohn, Ulrich"]
[Black "Skwarczynski, Marcin"]
[Result "1/2-1/2"]
[WhiteElo "2175"]
[BlackElo "2014"]
[PlyCount "68"]
[EventDate "2013.08.??"]
[EventType "swiss"]
[EventRounds "7"]
[EventCountry "POL"]
[WhiteTeam "GER"]
[BlackTeam "NATO"]
[WhiteTeamCountry "GER"]

1. e4 Nf6 2. e5 Nd5 3. d4 d6 4. c4 Nb6 5. exd6 exd6 6. Nc3 Be7 7. Qf3 O-O 8.
Bd3 c6 9. Nge2 N8d7 10. Bf4 Nf6 11. h3 Be6 12. b3 d5 13. c5 Nbd7 14. O-O Re8
15. b4 Nf8 16. Bc2 Qc8 17. Bg3 Ng6 18. Kh1 Bd8 19. Qd3 Bc7 20. Bxc7 Qxc7 21.
Qg3 Qc8 22. Qd3 Ne4 23. Nxe4 dxe4 24. Qg3 a5 25. Bxe4 axb4 26. Bxg6 hxg6 27.
Nc1 Ra3 28. Qf4 Bd5 29. f3 Bc4 30. Rd1 Qe6 31. Rb1 Bd5 32. Nd3 Rxa2 33. Nxb4
Ra7 34. Nxd5 Qxd5 1/2-1/2

[Event "24th NATO Chess Championship"]
[Site "Rynia"]
[Date "2013.08.13"]
[Round "3.17"]
[White "Waruga, Wojciech"]
[Black "Papista, Akos"]
[Result "0-1"]
[WhiteElo "2008"]
[BlackElo "2173"]
[PlyCount "68"]
[EventDate "2013.08.??"]
[EventType "swiss"]
[EventRounds "7"]
[EventCountry "POL"]
[WhiteTeam "NATO"]
[BlackTeam "HUN"]
[BlackTeamCountry "HUN"]

1. e4 e5 2. Bc4 Nc6 3. Nc3 Nf6 4. d3 Bb4 5. Nge2 d5 6. exd5 Nxd5 7. Bxd5 Qxd5
8. O-O Qd8 9. Ng3 O-O 10. Be3 f5 11. f4 Qh4 12. Qh5 Qxh5 13. Nxh5 g6 14. Ng3 g5
15. fxe5 f4 16. d4 Bxc3 17. bxc3 fxe3 18. Rxf8+ Kxf8 19. Ne4 h6 20. Rf1+ Kg7
21. Nf6 Be6 22. Re1 Bxa2 23. Rxe3 Ne7 24. Nh5+ Kg6 25. g4 Rf8 26. Re1 Be6 27.
h3 Rf3 28. Kh2 Bd5 29. Nf6 Rf2+ 30. Kg1 Rg2+ 31. Kf1 Rxc2 32. Nxd5 Nxd5 33. e6
Kf6 34. Re5 c6 0-1

[Event "24th NATO Chess Championship"]
[Site "Rynia"]
[Date "2013.08.13"]
[Round "3.20"]
[White "Nielsen, Jan Mose"]
[Black "Graczyk, Damian"]
[Result "1/2-1/2"]
[WhiteElo "2081"]
[BlackElo "1991"]
[PlyCount "61"]
[EventDate "2013.08.??"]
[EventType "swiss"]
[EventRounds "7"]
[EventCountry "POL"]
[WhiteTeam "DEN"]
[BlackTeam "POL"]
[WhiteTeamCountry "DEN"]
[BlackTeamCountry "POL"]

1. e4 c6 2. d4 d5 3. e5 Bf5 4. Nc3 e6 5. g4 Bg6 6. Nge2 Ne7 7. Nf4 Nd7 8. h4 h5
9. Nxg6 Nxg6 10. gxh5 Ne7 11. Bg5 Qb6 12. Qd2 f6 13. exf6 gxf6 14. Be3 Rxh5 15.
O-O-O O-O-O 16. Be2 Rh8 17. Na4 Qc7 18. Bg4 Nf5 19. Bxf5 exf5 20. Nc3 Bd6 21.
Ne2 Rde8 22. Rh3 Re4 23. Rf3 Nb6 24. Rxf5 Nc4 25. Qd3 Qb6 26. Qb3 Qxb3 27. axb3
Nxe3 28. fxe3 Rxe3 29. Kd2 Rhe8 30. Nc3 Rh3 31. Rxf6 1/2-1/2

[Event "24th NATO Chess Championship"]
[Site "Rynia"]
[Date "2013.08.13"]
[Round "3.22"]
[White "Hernandez, Albertryan"]
[Black "De Cat, Ben"]
[Result "0-1"]
[WhiteElo "2077"]
[BlackElo "1914"]
[PlyCount "90"]
[EventDate "2013.08.??"]
[EventType "swiss"]
[EventRounds "7"]
[EventCountry "POL"]
[WhiteTeam "USA"]
[BlackTeam "BEL"]
[WhiteTeamCountry "USA"]
[BlackTeamCountry "BEL"]

1. d4 Nf6 2. Nf3 d6 3. g3 Nbd7 4. Bg2 e5 5. dxe5 dxe5 6. O-O c6 7. b3 Be7 8.
Bb2 Qc7 9. Nbd2 Ng4 10. h3 Nh6 11. Nc4 f6 12. Qd2 Nf7 13. Rad1 O-O 14. Nh4 Nb6
15. Ne3 Be6 16. c4 Rad8 17. Qc2 g6 18. Nxg6 hxg6 19. Qxg6+ Kh8 20. Nf5 Bxf5 21.
Qxf5 Rg8 22. Be4 Rg7 23. f4 Kg8 24. Kh2 exf4 25. Rxd8+ Qxd8 26. Rxf4 Qd2 27.
Bxf6 Bxf6 28. Qxf6 Qxe2+ 29. Bg2 Qe5 30. Be4 Qxf6 31. Rxf6 Nd7 32. Re6 Ng5 33.
Rg6 Nxe4 34. Rxg7+ Kxg7 35. g4 Ne5 36. Kg2 Kg6 37. Kf1 Kg5 38. Ke2 Kf4 39. a3
Nc5 40. b4 Ne6 41. c5 Nc7 42. a4 Nd5 43. b5 Nc3+ 44. Kd2 Nxa4 45. bxc6 Nxc6 0-1

[Event "24th NATO Chess Championship"]
[Site "Rynia"]
[Date "2013.08.13"]
[Round "3.23"]
[White "Pos, Nicolaas"]
[Black "Tucker, David Sidney"]
[Result "1/2-1/2"]
[WhiteElo "1884"]
[BlackElo "2069"]
[PlyCount "86"]
[EventDate "2013.08.??"]
[EventType "swiss"]
[EventRounds "7"]
[EventCountry "POL"]
[WhiteTeam "NATO"]
[BlackTeam "ENG"]
[BlackTeamCountry "ENG"]

1. e4 c5 2. b3 d6 3. Bb2 Nf6 4. Nc3 Nc6 5. h3 e6 6. Nf3 Be7 7. Be2 O-O 8. O-O
a6 9. d4 cxd4 10. Nxd4 Qc7 11. Nxc6 bxc6 12. Bd3 e5 13. f4 Nd7 14. Ne2 Bf6 15.
Rb1 Nc5 16. fxe5 Bxe5 17. Nc3 Be6 18. Qe2 a5 19. Bc4 Rae8 20. Bd3 g6 21. Nd1 d5
22. Bxe5 Qxe5 23. exd5 Qxd5 24. Bc4 Qd4+ 25. Qf2 Qxf2+ 26. Nxf2 Bxc4 27. bxc4
Re2 28. Rb6 Rc8 29. Rc1 Rd2 30. Ng4 Na4 31. Rb3 Nc5 32. Rb6 Ne4 33. Rb3 f5 34.
Ne5 Nc5 35. Rb6 Re8 36. Nf3 Rd6 37. Kf1 a4 38. Rb4 h6 39. Re1 Red8 40. Re2 Ne4
41. Re1 Nc3 42. c5 Rd1 43. Rc4 Nxa2 1/2-1/2

[Event "24th NATO Chess Championship"]
[Site "Rynia"]
[Date "2013.08.13"]
[Round "3.24"]
[White "Aagaard, Gert"]
[Black "Kocur, Marc"]
[Result "1-0"]
[WhiteElo "2067"]
[BlackElo "1866"]
[PlyCount "53"]
[EventDate "2013.08.??"]
[EventType "swiss"]
[EventRounds "7"]
[EventCountry "POL"]
[WhiteTeam "DEN"]
[BlackTeam "BEL"]
[WhiteTeamCountry "DEN"]
[BlackTeamCountry "BEL"]

1. d4 g6 2. c3 Nf6 3. g3 d6 4. Bg5 Nbd7 5. Bg2 h6 6. Bxf6 Nxf6 7. Nd2 c6 8.
Ngf3 Bg7 9. O-O O-O 10. b4 Qc7 11. Qb3 a5 12. a4 Be6 13. Qa3 Ra7 14. e4 Nd7 15.
Rab1 axb4 16. cxb4 Nb6 17. a5 Nc4 18. Nxc4 Bxc4 19. Rfe1 b6 20. Rec1 Be2 21. d5
c5 22. bxc5 Rxa5 23. cxb6 Rxa3 24. bxc7 Bxf3 25. Bxf3 Rxf3 26. Rb8 Bd4 27.
Rxf8+ 1-0

[Event "24th NATO Chess Championship"]
[Site "Rynia"]
[Date "2013.08.13"]
[Round "3.25"]
[White "Voroblievas, Arturas"]
[Black "Ranario, Dan"]
[Result "1/2-1/2"]
[WhiteElo "1857"]
[BlackElo "2062"]
[PlyCount "152"]
[EventDate "2013.08.??"]
[EventType "swiss"]
[EventRounds "7"]
[EventCountry "POL"]
[WhiteTeam "LTU"]
[BlackTeam "USA"]
[WhiteTeamCountry "LTU"]
[BlackTeamCountry "USA"]

1. e4 e6 2. d4 d5 3. Nc3 dxe4 4. Nxe4 Nf6 5. Bd3 Be7 6. Nf3 Nbd7 7. O-O O-O 8.
Qe2 Re8 9. Rd1 Nf8 10. Ne5 Nxe4 11. Bxe4 c6 12. Qf3 f6 13. Nc4 f5 14. Bd3 Qxd4
15. Qh5 g6 16. Qe2 Qg7 17. Ne5 Bf6 18. f4 Nd7 19. Nf3 a6 20. c3 b5 21. a4 Bb7
22. Bc2 Nb6 23. Bb3 Nd5 24. c4 bxc4 25. Qxc4 Bxb2 26. Bxb2 Qxb2 27. Rab1 Qg7
28. Ne5 Rac8 29. Qc5 Qe7 30. Qf2 Nc3 31. Rd7 Nxb1 32. Rxe7 Rxe7 33. Qb2 Rcc7
34. Qxb1 c5 35. Qd3 Kg7 36. Bc4 Be4 37. Qc3 Kh6 38. g4 g5 39. Qh3+ Kg7 40. fxg5
Bd5 41. Qh6+ Kg8 42. g6 Bxc4 43. Nxc4 hxg6 44. Qxg6+ Kf8 45. Ne5 c4 46. Qf6+
Kg8 47. Nxc4 fxg4 48. Ne5 Rg7 49. Qxe6+ Kh7 50. Qxa6 Rc1+ 51. Kg2 Rc2+ 52. Kg3
Rc3+ 53. Kf4 g3 54. hxg3 Rcxg3 55. Qf6 Rg1 56. Qh4+ Kg8 57. Qd8+ Kh7 58. Qd3+
Kg8 59. a5 Ra1 60. Qc4+ Kh7 61. a6 Ra3 62. Qb5 Ra7 63. Ng4 R3xa6 64. Qh5+ Kg7
65. Qg5+ Kf8 66. Qd8+ Kg7 67. Qd4+ Kg8 68. Qd8+ Kg7 69. Ne5 Rf6+ 70. Kg5 Re6
71. Nd7 Raa6 72. Qf8+ Kh7 73. Qf5+ Kg8 74. Qf8+ Kh7 75. Qf7+ Kh8 76. Qf8+ Kh7
1/2-1/2

[Event "24th NATO Chess Championship"]
[Site "Rynia"]
[Date "2013.08.13"]
[Round "3.26"]
[White "Mottais, Francois"]
[Black "Csizmadia, Csaba"]
[Result "1-0"]
[WhiteElo "2055"]
[BlackElo "1855"]
[PlyCount "53"]
[EventDate "2013.08.??"]
[EventType "swiss"]
[EventRounds "7"]
[EventCountry "POL"]
[WhiteTeam "FRA"]
[BlackTeam "HUN"]
[WhiteTeamCountry "FRA"]
[BlackTeamCountry "HUN"]

1. d4 Nf6 2. c4 c5 3. d5 b5 4. Nc3 b4 5. Nb1 g6 6. Nd2 Bg7 7. e4 d6 8. Bd3 O-O
9. Ne2 Nbd7 10. f4 e5 11. dxe6 fxe6 12. Nf3 Bb7 13. Ng3 d5 14. e5 Ne4 15. Bxe4
dxe4 16. Ng5 Qe7 17. O-O Nb6 18. b3 Rad8 19. Qg4 Rf5 20. N5xe4 Bxe4 21. Nxe4
Rd4 22. Qe2 Nd7 23. Bb2 Rxe4 24. Qxe4 Qf8 25. Rad1 Rf7 26. Qc6 Qe7 27. Rd6 1-0

[Event "24th NATO Chess Championship"]
[Site "Rynia"]
[Date "2013.08.13"]
[Round "3.27"]
[White "Toll, Alec"]
[Black "Leveillee, Philippe"]
[Result "0-1"]
[WhiteElo "2027"]
[BlackElo "1852"]
[PlyCount "42"]
[EventDate "2013.08.??"]
[EventType "swiss"]
[EventRounds "7"]
[EventCountry "POL"]
[WhiteTeam "NATO"]
[BlackTeam "CAN"]
[BlackTeamCountry "CAN"]

1. f4 d5 2. b3 c5 3. e3 Nf6 4. Bb2 e6 5. Nf3 Nc6 6. Bb5 Bd7 7. O-O a6 8. Bxc6
Bxc6 9. Ne5 Bd6 10. d3 h5 11. Nd2 Bxe5 12. Bxe5 Ng4 13. Qe1 d4 14. exd4 f6 15.
Nc4 fxe5 16. fxe5 Qxd4+ 17. Kh1 O-O-O 18. c3 Qxd3 19. Nd6+ Kb8 20. Rd1 Qg6 21.
Rd2 Rdf8 0-1

[Event "24th NATO Chess Championship"]
[Site "Rynia"]
[Date "2013.08.13"]
[Round "3.28"]
[White "Pazeriene, Diana"]
[Black "Cohnen, Michael"]
[Result "1/2-1/2"]
[WhiteElo "2025"]
[BlackElo "1841"]
[PlyCount "30"]
[EventDate "2013.08.??"]
[EventType "swiss"]
[EventRounds "7"]
[EventCountry "POL"]
[WhiteTeam "LTU"]
[BlackTeam "NATO"]
[WhiteTeamCountry "LTU"]

1. Nf3 Nf6 2. d4 d5 3. c4 c6 4. Nc3 dxc4 5. a4 Bf5 6. e3 e6 7. Bxc4 Bb4 8. O-O
O-O 9. Qe2 Bg4 10. h3 Bh5 11. Bd2 a5 12. Qd3 Bg6 13. Qe2 Bh5 14. Qd3 Bg6 15.
Qe2 Bh5 1/2-1/2